000 00908nam a22002295i 4500
001 164962
003 ES-MaACL
005 20250526063011.0
008 020913s1877 fr |||| | fre d
040 _aCCPB | B
_bspa
_cCCPB | B
100 1 _aSchopenhauer, Arthur,
_d1788-1860
_9240710
245 1 0 _aEssai sur le libre arbitre /
_cpar Arthur Schopenhauer ; traduit en français pour la première fois.
260 _aParis :
_bancienne Librairie Germer Baillière et C\pie\s,
_c1877 (
_eCoulommiers :
_fTypographie Arbert Ponsot et P. Brodard)
300 _aVIII, 212 p. ;
_c18 cm.
490 1 _aBibliothèque de philosophie contemporaine
650 4 _aLibre albedrío.
_914421
752 _aFrancia -
_dParís
752 _aFrancia -
_dCoulommiers
830 0 _aBibliothèque de philosophie contemporaine
_9181027
852 _aES-MaACL
_jB-13477
_z-- Enc. hol.
999 _c164962
_d164962